Pokémon - Sudden Death - Statistics

General Stats
  • This quiz has been taken 156 times
  • The average score is 12 of 16
Answers on the Grid
Answers color-coded by a green-red scale on the quiz's grid according to % correct below.
Agumon
Appletun
Bulbasaur
Bush Baby
Cryptopsy
Dolores
Elraton
Gardevoir
Gorgonzilla
Heracross
Hibachi
Hoppip
Klefki
Koala
Ledyba
Loudred
Munna
Pangolin
Paramore
Paras
Pikachu
Reggaeton
Renamon
Springtrap
Swablu
Tandemaus
Totoro
Toucannon
Uniqlo
Unown
Volgograd
Zebstrika
 
Answer Stats
Answer % Correct
Bulbasaur
96%
Pikachu
86%
Gardevoir
83%
Heracross
80%
Hoppip
80%
Klefki
76%
Paras
75%
Unown
73%
Zebstrika
73%
Ledyba
70%
Loudred
70%
Swablu
69%
Appletun
65%
Toucannon
64%
Munna
59%
Tandemaus
58%
No matching quizzes found
Score Distribution
Percent of People with Each Score
Percentile by Number Answered
Your Score History
You have not taken this quiz